NHL Stat Leaders by Season - Statistics

General Stats
  • This quiz has been taken 20 times
    15 since last reset
  • The average score is 247 of 480
Answer Stats
Season Stat Player % Correct
2019-20 G Alex Ovechkin
100%
2018-19 G Alex Ovechkin
100%
2017-18 G Alex Ovechkin
100%
2015-16 G Alex Ovechkin
100%
2014-15 G Alex Ovechkin
100%
2013-14 G Alex Ovechkin
100%
2012-13 G Alex Ovechkin
100%
2008-09 G Alex Ovechkin
100%
2007-08 G Alex Ovechkin
100%
2007-08 PTS Alex Ovechkin
100%
2025-26 A Connor McDavid
100%
2025-26 PTS Connor McDavid
100%
2023-24 A Connor McDavid
100%
2022-23 G Connor McDavid
100%
2022-23 A Connor McDavid
100%
2022-23 PTS Connor McDavid
100%
2021-22 PTS Connor McDavid
100%
2020-21 A Connor McDavid
100%
2020-21 PTS Connor McDavid
100%
2017-18 PTS Connor McDavid
100%
2016-17 A Connor McDavid
100%
2016-17 PTS Connor McDavid
100%
2016-17 G Sidney Crosby
100%
2013-14 A Sidney Crosby
100%
2013-14 PTS Sidney Crosby
100%
2009-10 G Sidney Crosby
100%
2006-07 PTS Sidney Crosby
100%
1997-98 A Wayne Gretzky
100%
1996-97 A Wayne Gretzky
100%
1993-94 A Wayne Gretzky
100%
1993-94 PTS Wayne Gretzky
100%
1991-92 A Wayne Gretzky
100%
1990-91 A Wayne Gretzky
100%
1990-91 PTS Wayne Gretzky
100%
1989-90 A Wayne Gretzky
100%
1989-90 PTS Wayne Gretzky
100%
1988-89 A Wayne Gretzky
100%
1987-88 A Wayne Gretzky
100%
1986-87 G Wayne Gretzky
100%
1986-87 A Wayne Gretzky
100%
1986-87 PTS Wayne Gretzky
100%
1985-86 A Wayne Gretzky
100%
1985-86 PTS Wayne Gretzky
100%
1984-85 G Wayne Gretzky
100%
1984-85 A Wayne Gretzky
100%
1984-85 PTS Wayne Gretzky
100%
1983-84 G Wayne Gretzky
100%
1983-84 A Wayne Gretzky
100%
1983-84 PTS Wayne Gretzky
100%
1982-83 G Wayne Gretzky
100%
1982-83 A Wayne Gretzky
100%
1982-83 PTS Wayne Gretzky
100%
1981-82 G Wayne Gretzky
100%
1981-82 A Wayne Gretzky
100%
1981-82 PTS Wayne Gretzky
100%
1980-81 A Wayne Gretzky
100%
1980-81 PTS Wayne Gretzky
100%
1979-80 A Wayne Gretzky
100%
1979-80 PTS Wayne Gretzky
100%
2023-24 G Auston Matthews
89%
2021-22 G Auston Matthews
89%
2020-21 G Auston Matthews
89%
1974-75 A Bobby Orr
89%
1974-75 PTS Bobby Orr
89%
1973-74 A Bobby Orr
89%
1971-72 A Bobby Orr
89%
1970-71 A Bobby Orr
89%
1969-70 A Bobby Orr
89%
1969-70 PTS Bobby Orr
89%
1962-63 A Henri Richard
89%
1957-58 A Henri Richard
89%
2003-04 G Jarome Iginla
89%
2001-02 G Jarome Iginla
89%
2001-02 PTS Jarome Iginla
89%
1996-97 A Mario Lemieux
89%
1996-97 PTS Mario Lemieux
89%
1995-96 G Mario Lemieux
89%
1995-96 A Mario Lemieux
89%
1995-96 PTS Mario Lemieux
89%
1992-93 PTS Mario Lemieux
89%
1991-92 PTS Mario Lemieux
89%
1988-89 G Mario Lemieux
89%
1988-89 A Mario Lemieux
89%
1988-89 PTS Mario Lemieux
89%
1987-88 G Mario Lemieux
89%
1987-88 PTS Mario Lemieux
89%
1954-55 G Maurice Richard
89%
1953-54 G Maurice Richard
89%
1949-50 G Maurice Richard
89%
1946-47 G Maurice Richard
89%
1944-45 G Maurice Richard
89%
2024-25 A Nikita Kucherov
89%
2024-25 PTS Nikita Kucherov
89%
2023-24 A Nikita Kucherov
89%
2023-24 PTS Nikita Kucherov
89%
2018-19 A Nikita Kucherov
89%
2018-19 PTS Nikita Kucherov
89%
2025-26 W Andrei Vasilevskiy
78%
2021-22 W Andrei Vasilevskiy
78%
2020-21 W Andrei Vasilevskiy
78%
2019-20 W Andrei Vasilevskiy
78%
2018-19 W Andrei Vasilevskiy
78%
2017-18 W Andrei Vasilevskiy
78%
1968-69 G Bobby Hull
78%
1967-68 G Bobby Hull
78%
1966-67 G Bobby Hull
78%
1965-66 G Bobby Hull
78%
1965-66 PTS Bobby Hull
78%
1963-64 G Bobby Hull
78%
1961-62 G Bobby Hull
78%
1961-62 PTS Bobby Hull
78%
1959-60 G Bobby Hull
78%
1959-60 PTS Bobby Hull
78%
1991-92 G Brett Hull
78%
1990-91 G Brett Hull
78%
1989-90 G Brett Hull
78%
1962-63 G Gordie Howe
78%
1962-63 PTS Gordie Howe
78%
1956-57 G Gordie Howe
78%
1956-57 PTS Gordie Howe
78%
1953-54 A Gordie Howe
78%
1953-54 PTS Gordie Howe
78%
1952-53 G Gordie Howe
78%
1952-53 A Gordie Howe
78%
1952-53 PTS Gordie Howe
78%
1951-52 G Gordie Howe
78%
1951-52 PTS Gordie Howe
78%
1950-51 G Gordie Howe
78%
1950-51 A Gordie Howe
78%
1950-51 PTS Gordie Howe
78%
1977-78 G Guy Lafleur
78%
1977-78 PTS Guy Lafleur
78%
1976-77 A Guy Lafleur
78%
1976-77 PTS Guy Lafleur
78%
1975-76 PTS Guy Lafleur
78%
1985-86 G Jari Kurri
78%
2000-01 A Jaromír Jágr
78%
2000-01 PTS Jaromír Jágr
78%
1999-00 PTS Jaromír Jágr
78%
1998-99 A Jaromír Jágr
78%
1998-99 PTS Jaromír Jágr
78%
1997-98 A Jaromír Jágr
78%
1997-98 PTS Jaromír Jágr
78%
1994-95 PTS Jaromír Jágr
78%
2009-10 W Martin Brodeur
78%
2006-07 W Martin Brodeur
78%
2005-06 W Martin Brodeur
78%
2003-04 W Martin Brodeur
78%
2002-03 W Martin Brodeur
78%
2000-01 W Martin Brodeur
78%
1999-00 W Martin Brodeur
78%
1998-99 W Martin Brodeur
78%
1997-98 W Martin Brodeur
78%
1980-81 G Mike Bossy
78%
1978-79 G Mike Bossy
78%
2025-26 G Nathan MacKinnon
78%
2024-25 A Nathan MacKinnon
78%
1996-97 W Patrick Roy
78%
1989-90 W Patrick Roy
78%
1974-75 G Phil Esposito
78%
1973-74 G Phil Esposito
78%
1973-74 PTS Phil Esposito
78%
1972-73 G Phil Esposito
78%
1972-73 A Phil Esposito
78%
1972-73 PTS Phil Esposito
78%
1971-72 G Phil Esposito
78%
1971-72 PTS Phil Esposito
78%
1970-71 G Phil Esposito
78%
1970-71 PTS Phil Esposito
78%
1969-70 G Phil Esposito
78%
1968-69 A Phil Esposito
78%
1968-69 PTS Phil Esposito
78%
1967-68 A Phil Esposito
78%
1998-99 G Teemu Selänne
78%
1997-98 G Teemu Selänne
78%
1992-93 G Teemu Selänne
78%
1970-71 W Tony Esposito
78%
1969-70 W Tony Esposito
78%
2024-25 W Connor Hellebuyck
67%
2017-18 W Connor Hellebuyck
67%
1961-62 W Jacques Plante
67%
1959-60 W Jacques Plante
67%
1958-59 W Jacques Plante
67%
1957-58 W Jacques Plante
67%
1955-56 W Jacques Plante
67%
1965-66 A Jean Béliveau
67%
1960-61 A Jean Béliveau
67%
1958-59 G Jean Béliveau
67%
1955-56 G Jean Béliveau
67%
1955-56 PTS Jean Béliveau
67%
1976-77 W Ken Dryden
67%
1975-76 W Ken Dryden
67%
1972-73 W Ken Dryden
67%
1971-72 W Ken Dryden
67%
2024-25 G Leon Draisaitl
67%
2019-20 A Leon Draisaitl
67%
2019-20 PTS Leon Draisaitl
67%
1979-80 PTS Marcel Dionne
67%
1939-40 A Milt Schmidt
67%
1939-40 PTS Milt Schmidt
67%
2000-01 G Pavel Bure
67%
1999-00 G Pavel Bure
67%
1993-94 G Pavel Bure
67%
1960-61 G Bernie Geoffrion
56%
1960-61 PTS Bernie Geoffrion
56%
1954-55 G Bernie Geoffrion
56%
1954-55 PTS Bernie Geoffrion
56%
1974-75 W Bernie Parent
56%
1973-74 W Bernie Parent
56%
1978-79 A Bryan Trottier
56%
1978-79 PTS Bryan Trottier
56%
1977-78 A Bryan Trottier
56%
2010-11 PTS Daniel Sedin
56%
2001-02 W Dominik Hašek
56%
1994-95 PTS Eric Lindros
56%
1965-66 W Glenn Hall
56%
1963-64 W Glenn Hall
56%
1962-63 W Glenn Hall
56%
1956-57 W Glenn Hall
56%
2011-12 A Henrik Sedin
56%
2010-11 A Henrik Sedin
56%
2009-10 A Henrik Sedin
56%
2009-10 PTS Henrik Sedin
56%
1930-31 PTS Howie Morenz
56%
1927-28 G Howie Morenz
56%
1927-28 A Howie Morenz
56%
1927-28 PTS Howie Morenz
56%
2015-16 PTS Patrick Kane
56%
2010-11 W Roberto Luongo
56%
1967-68 PTS Stan Mikita
56%
1966-67 A Stan Mikita
56%
1966-67 PTS Stan Mikita
56%
1965-66 A Stan Mikita
56%
1964-65 A Stan Mikita
56%
1964-65 PTS Stan Mikita
56%
1963-64 PTS Stan Mikita
56%
2011-12 G Steven Stamkos
56%
2009-10 G Steven Stamkos
56%
1954-55 W Terry Sawchuk
56%
1953-54 W Terry Sawchuk
56%
1952-53 W Terry Sawchuk
56%
1951-52 W Terry Sawchuk
56%
1950-51 W Terry Sawchuk
56%
2001-02 A Adam Oates
44%
2000-01 A Adam Oates
44%
1992-93 A Adam Oates
44%
1981-82 W Billy Smith
44%
1975-76 A Bobby Clarke
44%
1974-75 A Bobby Clarke
44%
1935-36 G Charlie Conacher
44%
1934-35 G Charlie Conacher
44%
1934-35 PTS Charlie Conacher
44%
1933-34 G Charlie Conacher
44%
1933-34 PTS Charlie Conacher
44%
1931-32 G Charlie Conacher
44%
1930-31 G Charlie Conacher
44%
1943-44 A Clint Smith
44%
2010-11 G Corey Perry
44%
2019-20 G David Pastrňák
44%
1990-91 W Ed Belfour
44%
2011-12 PTS Evgeni Malkin
44%
2008-09 A Evgeni Malkin
44%
2008-09 PTS Evgeni Malkin
44%
1987-88 W Grant Fuhr
44%
1983-84 W Grant Fuhr
44%
2012-13 W Henrik Lundqvist
44%
2007-08 A Joe Thornton
44%
2006-07 A Joe Thornton
44%
2005-06 A Joe Thornton
44%
2005-06 PTS Joe Thornton
44%
1996-97 G Keith Tkachuk
44%
2022-23 W Linus Ullmark
44%
1999-00 A Mark Recchi
44%
2012-13 A Martin St. Louis
44%
2012-13 PTS Martin St. Louis
44%
2003-04 A Martin St. Louis
44%
2003-04 PTS Martin St. Louis
44%
1936-37 W Normie Smith
44%
1935-36 W Normie Smith
44%
2011-12 W Pekka Rinne
44%
2002-03 A Peter Forsberg
44%
2002-03 PTS Peter Forsberg
44%
1948-49 PTS Roy Conacher
44%
1938-39 G Roy Conacher
44%
2021-22 W Sergei Bobrovsky
44%
1976-77 G Steve Shutt
44%
1937-38 A Syl Apps
44%
1936-37 A Syl Apps
44%
1956-57 A Ted Lindsay
44%
1949-50 A Ted Lindsay
44%
1949-50 PTS Ted Lindsay
44%
1947-48 G Ted Lindsay
44%
1937-38 W Tiny Thompson
44%
1932-33 W Tiny Thompson
44%
1930-31 W Tiny Thompson
44%
1929-30 W Tiny Thompson
44%
1928-29 W Tiny Thompson
44%
1938-39 PTS Toe Blake
44%
2006-07 G Vincent Lecavalier
44%
1928-29 G Ace Bailey
33%
1928-29 PTS Ace Bailey
33%
2023-24 W Alexandar Georgiev
33%
2022-23 W Alexandar Georgiev
33%
1992-93 G Alexander Mogilny
33%
1963-64 A Andy Bathgate
33%
1961-62 A Andy Bathgate
33%
1961-62 PTS Andy Bathgate
33%
2016-17 W Braden Holtby
33%
2015-16 W Braden Holtby
33%
2014-15 W Carey Price
33%
2010-11 W Carey Price
33%
1979-80 G Charlie Simmer
33%
1917-18 A Corb Denneny
33%
1923-24 G Cy Denneny
33%
1923-24 PTS Cy Denneny
33%
1917-18 A Cy Denneny
33%
1958-59 A Dickie Moore
33%
1958-59 PTS Dickie Moore
33%
1957-58 G Dickie Moore
33%
1957-58 PTS Dickie Moore
33%
1951-52 A Elmer Lach
33%
1947-48 PTS Elmer Lach
33%
1945-46 A Elmer Lach
33%
1944-45 A Elmer Lach
33%
1944-45 PTS Elmer Lach
33%
2007-08 W Evgeni Nabokov
33%
1960-61 W Johnny Bower
33%
2005-06 G Jonathan Cheechoo
33%
1979-80 W Mike Liut
33%
1988-89 W Mike Vernon
33%
2014-15 A Nicklas Bäckström
33%
2012-13 W Niklas Bäckström
33%
1975-76 G Reggie Leach
33%
2013-14 W Semyon Varlamov
33%
1948-49 G Sid Abel
33%
1992-93 W Tom Barrasso
33%
1947-48 W Turk Broda
33%
1940-41 W Turk Broda
33%
1924-25 G Babe Dye
22%
1924-25 PTS Babe Dye
22%
1922-23 G Babe Dye
22%
1922-23 PTS Babe Dye
22%
1921-22 G Babe Dye
22%
1920-21 G Babe Dye
22%
1932-33 G Bill Cook
22%
1932-33 PTS Bill Cook
22%
1926-27 G Bill Cook
22%
1926-27 PTS Bill Cook
22%
1941-42 PTS Bryan Hextall
22%
1940-41 G Bryan Hextall
22%
1939-40 G Bryan Hextall
22%
1995-96 W Chris Osgood
22%
1945-46 G Gaye Stewart
22%
2003-04 G Ilya Kovalchuk
22%
2014-15 PTS Jamie Benn
22%
1919-20 G Joe Malone
22%
1919-20 PTS Joe Malone
22%
1917-18 G Joe Malone
22%
1917-18 PTS Joe Malone
22%
1985-86 W John Vanbiesbrouck
22%
1923-24 A King Clancy
22%
1941-42 G Lynn Patrick
22%
2008-09 W Miikka Kiprusoff
22%
2002-03 G Milan Hejduk
22%
1936-37 G Nels Stewart
22%
1925-26 G Nels Stewart
22%
1925-26 PTS Nels Stewart
22%
1964-65 G Norm Ullman
22%
1984-85 W Pelle Lindbergh
22%
1997-98 G Peter Bondra
22%
1994-95 G Peter Bondra
22%
1995-96 A Ron Francis
22%
1994-95 A Ron Francis
22%
1986-87 W Ron Hextall
22%
2012-13 W Antti Niemi
11%
1935-36 A Art Chapman
11%
1934-35 A Art Chapman
11%
1946-47 W Bill Durnan
11%
1945-46 W Bill Durnan
11%
1944-45 W Bill Durnan
11%
1943-44 W Bill Durnan
11%
1935-36 G Bill Thoms
11%
1946-47 A Billy Taylor
11%
1979-80 G Blaine Stoughton
11%
1959-60 G Bronco Horvath
11%
1931-32 PTS Busher Jackson
11%
2016-17 W Cam Talbot
11%
2017-18 A Claude Giroux
11%
1929-30 G Cooney Weiland
11%
1929-30 PTS Cooney Weiland
11%
1978-79 W Dan Bouchard
11%
1979-80 G Danny Gare
11%
1948-49 A Doug Bentley
11%
1947-48 A Doug Bentley
11%
1943-44 G Doug Bentley
11%
1942-43 G Doug Bentley
11%
1942-43 PTS Doug Bentley
11%
1968-69 W Ed Giacomin
11%
1967-68 W Ed Giacomin
11%
1966-67 W Ed Giacomin
11%
1922-23 A Edmond Bouchard
11%
2015-16 A Erik Karlsson
11%
1934-35 W George Hainsworth
11%
1933-34 W George Hainsworth
11%
1931-32 W George Hainsworth
11%
1927-28 W George Hainsworth
11%
1937-38 G Gordie Drillon
11%
1937-38 PTS Gordie Drillon
11%
1949-50 W Harry Lumley
11%
1948-49 W Harry Lumley
11%
1933-34 A Joe Primeau
11%
1931-32 A Joe Primeau
11%
1930-31 A Joe Primeau
11%
1932-33 W John Ross Roach
11%
1924-25 W John Ross Roach
11%
2021-22 A Jonathan Huberdeau
11%
1936-37 G Larry Aurie
11%
1946-47 PTS Max Bentley
11%
1945-46 PTS Max Bentley
11%
1993-94 W Mike Richter
11%
1920-21 PTS Newsy Lalonde
11%
1918-19 G Newsy Lalonde
11%
1918-19 A Newsy Lalonde
11%
1918-19 PTS Newsy Lalonde
11%
1921-22 G Punch Broadbent
11%
1921-22 PTS Punch Broadbent
11%
2003-04 G Rick Nash
11%
1950-51 A Ted Kennedy
11%
1926-27 W Alec Connell
0%
1925-26 W Alec Connell
0%
1955-56 A Bert Olmstead
0%
1954-55 A Bert Olmstead
0%
1942-43 A Bill Cowley
0%
1940-41 A Bill Cowley
0%
1940-41 PTS Bill Cowley
0%
1938-39 A Bill Cowley
0%
2017-18 A Blake Wheeler
0%
1965-66 A Bobby Rousseau
0%
1985-86 W Bob Froese
0%
1923-24 W Clint Benedict
0%
1922-23 W Clint Benedict
0%
1921-22 W Clint Benedict
0%
1920-21 W Clint Benedict
0%
1919-20 W Clint Benedict
0%
1918-19 W Clint Benedict
0%
1989-90 W Daren Puppa
0%
1926-27 A Dick Irvin
0%
1977-78 W Don Edwards
0%
1959-60 A Don McKenney
0%
1918-19 A Eddie Gerard
0%
1932-33 A Frank Boucher
0%
1929-30 A Frank Boucher
0%
1928-29 A Frank Boucher
0%
1939-40 W Frank Brimsek
0%
1938-39 W Frank Brimsek
0%
1925-26 A Frank Nighbor
0%
1919-20 A Frank Nighbor
0%
1918-19 A Frank Nighbor
0%
1917-18 W Georges Vezina
0%
1924-25 A Hap Day
0%
1921-22 A Harry Cameron
0%
1917-18 A Harry Cameron
0%
1943-44 PTS Herb Cain
0%
1920-21 A Jack Darragh
0%
1924-25 W Jake Forbes
0%
1941-42 W Jim Henry
0%
1942-43 W Johnny Mowers
0%
1989-90 W Jon Casey
0%
1994-95 W Ken Wregget
0%
1991-92 W Kirk McLean
0%
1923-24 A Lionel Hitchman
0%
1980-81 W Mario Lessard
0%
1982-83 W Pete Peeters
0%
1941-42 A Phil Watson
0%
1917-18 A Reg Noble
0%
1964-65 W Roger Crozier
0%
2003-04 A Scott Gomez
0%
1936-37 PTS Sweeney Schriner
0%
1935-36 PTS Sweeney Schriner
0%
1991-92 W Tim Cheveldae
0%
No matching quizzes found
Score Distribution
Percent of People with Each Score
Percentile by Number Answered
Your Score History
You have not taken this quiz since the last reset